000
00224nam a2200085Ia 4500
008
220214s9999 xx 000 0 und d
245
0
_a
Civil list of Indian Administrative service
260
_b
Govt of India
_a
New Delhi
942
_c
BJ
999
_c
496
_d
496